Statistics for Countries that border the Central African Republic

Click here to take the quiz!

General Stats

  • This quiz has been taken 11 times
  • The average score is 5 of 6

Answer Stats

HintAnswer% Correct
5Cameroon
100%
6Chad
100%
3D. R. Congo
100%
2South Sudan
88%
1Sudan
88%
4Rep. Congo
13%

Score Distribution

Percentile by Number Answered

Percent of People with Each Score

Your Score History

You have not taken this quiz